00473nam a2200181 a 450000100060000000300090000600800410001502000150005604000280007108200180009910000270011724500260014426000460017030000110021665000210022765000220024865000210027018003CO-ViMGA141112s2004 ck r 000 u spa d a950701411X aCO-ViMGAbspacCO-ViMGA04a801.953 W345p1 aWeinschelbaum, Lila L.10aPor siempre el cuento aBuenos Aires (Argentina), cAique, c2001 a143.p.14aARTE DE ESCRIBIR14aCUENTO - HISTORIA14aCUENTO - TECNICA